000 00686nam a2200205Ia 4500
005 20241129110226.0
008 241129s9999||||xx |||||||||||||| ||und||
037 _aTB
040 _aARTS
_beng
_cARTS
041 _aeng
_2eng
084 _aW R3
_qARTS
100 _aNorris Robert J. Au.; Hicks William D. Au.; Mullinix Kevin J. Au.
_9727497
245 0 _aPolitics of innocence: how wrongful convictions shape public opinion
_cNorris Robert J. Au.; Hicks William D. Au.; Mullinix Kevin J. Au.
260 _aNew York, USA
_bUniversity Press
_c2024
300 _aix,239p.
365 _aINR
_b2695
650 _aPolitical Science
942 _cTB
_hW R3
999 _c1227787
_d1227787